000 00686nam a2200253 i 4500
001 C2-0157530
003 PPAK
005 20210729083554.0
008 980426n my a|||| |||||||| may d
020 _a9830634493
040 _aPPAK
_beng
_cPPAK
_erda
082 0 4 _a641.5
_223
090 0 0 _a641.5
_bKOL
_dR
245 0 0 _aKoleksi resipi Famili (4)
264 1 _aKuala Lumpur :
_bVariapop Group ,
_c[date of publication not identified]
300 _a31 pages :
_bcolour illustrations ;
_c28 cm
336 _2rdacontent
_atext
337 _2rdamedia
_aunmediated
338 _2rdacarrier
_avolume
490 1 _aSiri 4
650 1 0 _aRecipes
830 0 _aSiri 4
942 _cB
_2ddc
999 _c48397
_d48397